000 00793cam a22002413a 4500
001 10251
003 PGUSA
005 20140828083222.0
008 031101s2003||||xxu|||||s|||||000 | eng d
040 _aPGUSA
_beng
042 _adc
050 4 _aQE
100 1 _aKingsley, Charles,
_d1819-1875
245 1 0 _aTown Geology
_h[electronic resource] /
_cCharles Kingsley
260 _bProject Gutenberg,
_c2003
500 _aPreface -- The soil of the field -- The pebbles in the street -- The stones in the wall -- The coal in the fire --- The lime in the mortar -- The slates on the roof.
506 _aPublic domain in the USA.
516 _aElectronic text
653 _aGeology
830 0 _aProject Gutenberg
_v10251
856 4 0 _uhttp://www.gutenberg.org/ebooks/10251
942 _cEB
999 _c239506
_d239506